Manchester City 2025/26 Squad - Statistics

General Stats
  • This quiz has been taken 64 times
  • The average score is 21 of 27
Answer Stats
Hint Answer % Correct
GK 🇮🇹 Gianluigi Donnarumma
98%
FW 🇳🇴 Erling Haaland
96%
LW 🇧🇪 Jérémy Doku
94%
AM 🇵🇹 Bernardo Silva
92%
DM 🇪🇸 Rodri
92%
CB 🏴󠁧󠁢󠁥󠁮󠁧󠁿 John Stones
90%
CB 🇳🇱 Nathan Aké
90%
FW 🇪🇬 Omar Marmoush
90%
AM 🇫🇷 Rayan Cherki
88%
CB 🇵🇹 Rúben Dias
88%
AM 🏴󠁧󠁢󠁥󠁮󠁧󠁿 Phil Foden
85%
CB 🇺🇿 Abdukodir Khusanov
83%
GK 🏴󠁧󠁢󠁥󠁮󠁧󠁿 James Trafford
83%
CB 🇭🇷 Josko Gvardiol
79%
LW 🇧🇷 Savinho
79%
RW 🇬🇭 Antoine Semenyo
77%
RB 🇵🇹 Matheus Nunes
77%
LB 🇩🇿 Rayan Aït-Nouri
73%
RB 🏴󠁧󠁢󠁥󠁮󠁧󠁿 Rico Lewis
73%
CM 🇳🇱 Tijjani Reijnders
73%
LB 🏴󠁧󠁢󠁥󠁮󠁧󠁿 Nico O'Reilly
71%
CB 🏴󠁧󠁢󠁥󠁮󠁧󠁿 Marc Guéhi
67%
CM 🇭🇷 Mateo Kovacic
67%
DM 🇪🇸 Nico González
65%
GK 🏴󠁧󠁢󠁥󠁮󠁧󠁿 Marcus Bettinelli
40%
CM 🇳🇴 Sverre Nypan
29%
CB 🏴󠁧󠁢󠁥󠁮󠁧󠁿 Max Alleyne
25%
No matching quizzes found
Score Distribution
Percent of People with Each Score
Percentile by Number Answered
Your Score History
You have not taken this quiz